Veer gaatha : (Record no. 154910)

MARC details
000 -LEADER
fixed length control field 00560nam a22001697a 4500
005 - DATE AND TIME OF LATEST TRANSACTION
control field 20180726170657.0
010 ## - LCCN (DPL NO)
LC control number ENG-123606
020 ## - INTERNATIONAL STANDARD BOOK NUMBER
Terms of availability 100.00
International Standard Book Number 9789350077658
035 ## - SYSTEM CONTROL NUMBER
System control number EN-107138
037 ## - SOURCE OF ACQUISITION
Source of stock number/acquisition DBAD/PUB.
082 ## - DEWEY DECIMAL CLASSIFICATION NUMBER
Classification number 355.1320954
245 ## - TITLE STATEMENT
Title Veer gaatha :
Remainder of title stories of param vir chakra awardees /
260 ## - PUBLICATION, DISTRIBUTION, ETC. (IMPRINT)
Place of publication, distribution, etc New Delhi
Name of publisher, distributor, etc National Council of Education Research and Training
Date of publication, distribution, etc 2016
270 ## - ADDRESS
Address NCERT Campus, Sri Aurobindo Marg,
City New Delhi
Postal code 110016
300 ## - PHYSICAL DESCRIPTION
Extent 139p.
Other physical details photos
Dimensions 24cm(pbk)
942 ## - ADDED ENTRY ELEMENTS (KOHA)
Source of classification or shelving scheme Dewey Decimal Classification
Item type English Books
Classification part 355.1320954
Call number suffix VEE
Holdings
Withdrawn status Lost status Not for loan Collection code Home library Current library Date acquired Source of acquisition Cost, normal purchase price Full call number Barcode Copy number Cost, replacement price Koha item type
    Not For Loan Non-fiction D.B.Act.Division Bawana 26/07/2018 DBAD/PUB 100.00 355.1320954 VEE EN-107138 1 100.00 English Books

© Delhi Public Library
Hit Counter
free hit counter